Poistná matematika

Teoretický základ poisťovníctva - poistná matematika. Nadväzuje na finančnú matematiku, teóriu pravdepodobnosti, štatistiku a demografiu. Základ predmetu poistná matematika tvorí životné poistenie. Základ výpočtov pri poisťovaní osôb tvorí: úrokovanie a úmrtnostné tabuľky. 2 základné princípy pri vý...

Descripción completa

Guardado en:
Detalles Bibliográficos
Autor principal: Sekerová, Viera
Formato: Capítulo de libro
Lenguaje:eslovaco
Materias:
Etiquetas: Agregar Etiqueta
Sin Etiquetas, Sea el primero en etiquetar este registro!

MARC

LEADER 00000naa a2200000 4500
001 r016339
005 20221205085857.5
041 0 |a slo 
044 |a SK 
245 1 0 |a Poistná matematika  |c Viera Sekerová 
520 |a Teoretický základ poisťovníctva - poistná matematika. Nadväzuje na finančnú matematiku, teóriu pravdepodobnosti, štatistiku a demografiu. Základ predmetu poistná matematika tvorí životné poistenie. Základ výpočtov pri poisťovaní osôb tvorí: úrokovanie a úmrtnostné tabuľky. 2 základné princípy pri výpočtoch spojených s poisťovaním osôb: 1. princíp fiktívneho súboru, 2. princíp ekvivalencie. Príklad. 
610 2 0 |a poisťovníctvo 
610 2 0 |a matematika 
610 2 0 |a matematika finančná 
610 2 0 |a modely matematické 
610 2 0 |a poistenie životné 
610 2 0 |a teória pravdepodobnosti 
610 2 0 |a poistenie osôb 
100 1 |a Sekerová, Viera